[Event "Turniej Blitza na II Lidze Juniorów 2018"]
[Site "Szczyrk, Poland"]
[Date "????.??.??"]
[Round "4.35"]
[White "Sidorczuk, Dominik"]
[Black "Trzebinski, Patryk"]
[Result "1-0"]
[TimeControl "3'+2\""]
[WhiteElo "1215"]
[BlackElo "1537"]

1. e4 {[%emt 00:01:39]} e5 {[%emt 00:00:03]} 2. f4 exf4 {[%emt 00:00:04]} 3.
Nf3 d5 {[%emt 00:00:03]} 4. exd5 {[%emt 00:00:02]} Bg4 5. d4 {[%emt 00:00:02]}
Be7 {[%emt 00:00:09]} 6. Bxf4 {[%emt 00:00:04]} c6 {[%emt 00:00:07]} 7. Be2
{[%emt 00:00:03]} Bxf3 {[%emt 00:00:18]} 8. Bxf3 {[%emt 00:00:02]} Bh4+ {[%emt
00:00:01]} 9. g3 {[%emt 00:00:03]} Bg5 {[%emt 00:00:03]} 10. Bxg5 {[%emt
00:00:05]} Qxg5 {[%emt 00:00:01]} 11. Qe2+ {[%emt 00:00:08]} Kd8 {[%emt
00:00:17]} 12. Nc3 {[%emt 00:00:04]} Nf6 {[%emt 00:00:09]} 13. O-O {[%emt
00:00:11]} cxd5 {[%emt 00:00:13]} 14. Qb5 {[%emt 00:00:15]} Kc8 {[%emt
00:00:23]} 15. Nxd5 {[%emt 00:00:10]} Nxd5 {[%emt 00:00:07]} 16. Bxd5 {[%emt
00:00:03]} Qe3+ {[%emt 00:01:10]} 17. Kh1 {[%emt 00:00:01]} Nc6 {[%emt
00:00:16]} 18. Bxc6 {[%emt 00:00:02]} bxc6 19. Qxc6+ Kb8 20. Rxf7 {[%emt
00:00:01]} Qe7 {[%emt 00:00:16]} 21. Rxe7 {[%emt 00:00:02]} Rc8 22. Qb7# 1-0

[Event "Turniej Blitza na II Lidze Juniorów 2018"]
[Site "Szczyrk, Poland"]
[Date "????.??.??"]
[Round "4.53"]
[White "Jaszczuk, Mateusz"]
[Black "Nowak, Filip"]
[Result "0-1"]
[TimeControl "3'+2\""]
[WhiteElo "1351"]
[BlackElo "1145"]

1. e4 {[%clk 00:03:02]} {[%emt 00:00:32]} c5 {[%clk 00:03:01]} {[%emt
00:00:03]} 2. Nf3 {[%clk 00:03:01]} {[%emt 00:00:02]} e6 {[%clk 00:03:02]}
{[%emt 00:00:02]} 3. d4 {[%clk 00:02:59]} {[%emt 00:00:04]} cxd4 4. Nxd4 {[%clk
00:03:00]} Nf6 {[%clk 00:03:03]} {[%emt 00:00:02]} 5. Nc3 {[%clk 00:03:01]} d6
{[%clk 00:03:04]} {[%emt 00:00:01]} 6. Be3 {[%clk 00:03:01]} {[%emt 00:00:03]}
a6 {[%clk 00:03:05]} {[%emt 00:00:01]} 7. Be2 {[%clk 00:02:57]} {[%emt
00:00:05]} b5 {[%clk 00:02:59]} {[%emt 00:00:09]} 8. a3 {[%clk 00:02:52]}
{[%emt 00:00:07]} Bb7 {[%clk 00:02:59]} {[%emt 00:00:02]} 9. f3 {[%clk
00:02:53]} Be7 {[%clk 00:02:55]} {[%emt 00:00:06]} 10. O-O {[%clk 00:02:54]}
{[%emt 00:00:01]} O-O {[%clk 00:02:53]} {[%emt 00:00:03]} 11. Qd2 {[%clk
00:02:39]} {[%emt 00:00:17]} Qc7 {[%clk 00:02:51]} {[%emt 00:00:04]} 12. Rac1
{[%clk 00:02:39]} {[%emt 00:00:02]} Nbd7 {[%clk 00:02:50]} {[%emt 00:00:04]} 13.
b4 {[%clk 00:02:39]} {[%emt 00:00:01]} Rac8 {[%clk 00:02:42]} {[%emt 00:00:10]}
14. Nd1 {[%clk 00:02:40]} {[%emt 00:00:02]} Nb6 {[%clk 00:02:39]} {[%emt
00:00:05]} 15. Nb2 {[%clk 00:02:37]} {[%emt 00:00:04]} d5 {[%clk 00:02:28]}
{[%emt 00:00:14]} 16. exd5 {[%clk 00:02:18]} {[%emt 00:00:20]} Nfxd5 {[%clk
00:02:29]} {[%emt 00:00:02]} 17. Bf2 {[%clk 00:02:11]} {[%emt 00:00:09]} Rfd8
{[%clk 00:02:19]} {[%emt 00:00:11]} 18. c4 {[%clk 00:01:48]} {[%emt 00:00:26]}
bxc4 {[%clk 00:02:00]} {[%emt 00:00:21]} 19. Nxc4 {[%clk 00:01:47]} {[%emt
00:00:03]} Nxc4 {[%clk 00:01:46]} {[%emt 00:00:16]} 20. Rxc4 {[%clk 00:01:48]}
Qf4 {[%clk 00:01:33]} {[%emt 00:00:15]} 21. Qxf4 {[%clk 00:01:05]} {[%emt
00:00:45]} Nxf4 {[%clk 00:01:34]} 22. Rxc8 {[%clk 00:00:57]} {[%emt 00:00:09]}
Rxc8 {[%clk 00:01:35]} {[%emt 00:00:02]} 23. Bd1 {[%clk 00:00:47]} {[%emt
00:00:11]} Bf6 {[%clk 00:01:16]} {[%emt 00:00:21]} 24. Ba4 {[%clk 00:00:46]}
{[%emt 00:00:03]} Bxd4 {[%clk 00:01:13]} {[%emt 00:00:06]} 25. Bxd4 {[%clk
00:00:39]} {[%emt 00:00:09]} Ne2+ {[%clk 00:01:13]} {[%emt 00:00:02]} 26. Kf2
{[%clk 00:00:38]} {[%emt 00:00:03]} Nxd4 {[%clk 00:01:14]} 27. Rd1 {[%clk
00:00:38]} {[%emt 00:00:02]} Nb5 {[%clk 00:01:00]} {[%emt 00:00:16]} 28. Rd7
{[%clk 00:00:33]} {[%emt 00:00:07]} Bc6 {[%emt 00:00:09]} 29. Rd2 {[%clk
00:00:26]} {[%emt 00:00:05]} g6 {[%clk 00:00:54]} {[%emt 00:00:05]} 30. Rc2
{[%clk 00:00:21]} {[%emt 00:00:06]} Nd4 {[%clk 00:00:48]} {[%emt 00:00:09]} 31.
Rc4 {[%clk 00:00:08]} {[%emt 00:00:09]} Bxa4 {[%clk 00:00:44]} {[%emt
00:00:12]} 32. Rxc8+ {[%clk 00:00:09]} {[%emt 00:00:01]} Kg7 {[%clk 00:00:44]}
{[%emt 00:00:02]} 33. Rc4 {[%clk 00:00:10]} Nf5 {[%clk 00:00:39]} {[%emt
00:00:06]} 34. Rc7 {[%clk 00:00:10]} {[%emt 00:00:03]} h5 {[%clk 00:00:35]}
{[%emt 00:00:06]} 35. Ra7 {[%clk 00:00:11]} Bb5 {[%clk 00:00:36]} 36. Ra8
{[%clk 00:00:08]} {[%emt 00:00:05]} Kf6 {[%clk 00:00:37]} 37. h3 {[%clk
00:00:09]} {[%emt 00:00:01]} Nd6 {[%clk 00:00:32]} {[%emt 00:00:05]} 38. Ke3
{[%clk 00:00:09]} {[%emt 00:00:03]} Nc4+ {[%clk 00:00:33]} {[%emt 00:00:02]} 39.
Kd4 {[%clk 00:00:09]} {[%emt 00:00:02]} Nxa3 {[%clk 00:00:33]} {[%emt
00:00:02]} 40. Kc5 {[%clk 00:00:07]} {[%emt 00:00:04]} Nc2 {[%clk 00:00:28]}
{[%emt 00:00:06]} 41. g3 {[%clk 00:00:03]} {[%emt 00:00:06]} Ne1 {[%clk
00:00:27]} {[%emt 00:00:03]} 42. f4 {[%clk 00:00:04]} Nd3+ {[%clk 00:00:26]}
{[%emt 00:00:03]} 43. Kb6 {[%clk 00:00:04]} {[%emt 00:00:03]} Nxb4 {[%clk
00:00:26]} {[%emt 00:00:02]} 44. Rd8 {[%clk 00:00:04]} Nd3 {[%clk 00:00:26]}
{[%emt 00:00:02]} 45. Rd4 {[%clk 00:00:04]} {[%emt 00:00:03]} Nf2 {[%clk
00:00:23]} {[%emt 00:00:05]} 46. h4 {[%clk 00:00:05]} {[%emt 00:00:01]} Ng4
{[%clk 00:00:24]} {[%emt 00:00:01]} 47. Kc5 {[%clk 00:00:06]} {[%emt 00:00:01]}
Ne3 {[%clk 00:00:23]} {[%emt 00:00:03]} 48. Kb6 {[%clk 00:00:06]} {[%emt
00:00:02]} Nd5+ {[%clk 00:00:24]} 49. Ka5 {[%clk 00:00:07]} Ne3 {[%clk
00:00:15]} {[%emt 00:00:11]} 50. Rb4 {[%clk 00:00:04]} {[%emt 00:00:04]} Nf5
{[%clk 00:00:15]} {[%emt 00:00:03]} 51. Rb3 {[%clk 00:00:05]} Bc4 {[%clk
00:00:12]} {[%emt 00:00:05]} 52. Rc3 {[%clk 00:00:06]} Bb5 {[%clk 00:00:14]} 53.
Kb4 {[%clk 00:00:06]} {[%emt 00:00:01]} Nd6 {[%clk 00:00:13]} {[%emt 00:00:04]}
54. Re3 {[%clk 00:00:03]} {[%emt 00:00:04]} Nc4 {[%clk 00:00:14]} {[%emt
00:00:02]} 55. Rc3 {[%clk 00:00:04]} Kf5 {[%clk 00:00:14]} {[%emt 00:00:02]} 56.
Kc5 {[%clk 00:00:04]} Nd2 {[%clk 00:00:10]} {[%emt 00:00:06]} 57. Ra3 {[%emt
00:00:04]} Ne4+ {[%emt 00:00:03]} 58. Kb6 {[%emt 00:00:01]} Kg4 59. Kc7 {[%emt
00:00:01]} Nxg3 {[%emt 00:00:02]} 60. Kd8 {[%clk 00:03:02]} {[%emt 00:00:01]}
0-1

[Event "Turniej Blitza na II Lidze Juniorów 2018"]
[Site "Szczyrk, Poland"]
[Date "????.??.??"]
[Round "4.6"]
[White "Trybus, Daniel"]
[Black "Pniaczek, Marek"]
[Result "0-1"]
[TimeControl "3'+2\""]
[BlackTitle "CM"]
[WhiteElo "1837"]
[BlackElo "1995"]

1. g3 {[%clk 00:03:02]} {[%emt 00:08:39]} d5 {[%clk 00:03:02]} {[%emt
00:00:01]} 2. Bg2 {[%clk 00:03:02]} {[%emt 00:00:02]} c6 {[%clk 00:03:02]} 3.
Nf3 {[%clk 00:03:02]} {[%emt 00:00:02]} Nf6 {[%clk 00:03:02]} 4. O-O {[%clk
00:03:02]} {[%emt 00:00:02]} g6 {[%clk 00:03:02]} {[%emt 00:00:02]} 5. d3
{[%clk 00:03:02]} {[%emt 00:00:01]} Bg7 {[%clk 00:03:02]} {[%emt 00:00:01]} 6.
Nc3 {[%clk 00:03:02]} O-O {[%clk 00:03:02]} {[%emt 00:00:01]} 7. e4 {[%clk
00:03:02]} Bg4 {[%clk 00:02:58]} {[%emt 00:00:15]} 8. h3 {[%clk 00:02:56]}
{[%emt 00:00:09]} Bxf3 {[%clk 00:02:59]} {[%emt 00:00:01]} 9. Bxf3 {[%clk
00:02:56]} {[%emt 00:00:01]} e5 {[%clk 00:03:00]} 10. Bg2 {[%clk 00:02:54]}
{[%emt 00:00:05]} h6 {[%clk 00:03:00]} {[%emt 00:00:02]} 11. Re1 {[%clk
00:02:54]} {[%emt 00:00:01]} Re8 {[%clk 00:02:59]} {[%emt 00:00:03]} 12. exd5
{[%clk 00:02:46]} {[%emt 00:00:11]} cxd5 {[%clk 00:03:00]} 13. Qf3 {[%clk
00:02:46]} {[%emt 00:00:01]} Nc6 {[%clk 00:02:35]} {[%emt 00:00:27]} 14. Nxd5
Nxd5 {[%clk 00:02:36]} 15. Qxd5 {[%clk 00:02:15]} {[%emt 00:00:13]} Nd4 {[%clk
00:02:36]} {[%emt 00:00:01]} 16. Qxd8 {[%clk 00:01:48]} {[%emt 00:00:30]} Raxd8
{[%clk 00:02:35]} {[%emt 00:00:03]} 17. Rd1 {[%clk 00:01:49]} {[%emt 00:00:02]}
Nxc2 {[%clk 00:02:35]} {[%emt 00:00:02]} 18. Rb1 {[%clk 00:01:49]} {[%emt
00:00:01]} Nb4 {[%clk 00:02:33]} {[%emt 00:00:04]} 19. Bxb7 {[%clk 00:01:44]}
{[%emt 00:00:07]} Rxd3 {[%clk 00:02:31]} {[%emt 00:00:04]} 20. Rxd3 {[%clk
00:01:39]} {[%emt 00:00:08]} Nxd3 {[%clk 00:02:32]} 21. Be3 {[%clk 00:01:40]}
{[%emt 00:00:02]} Rb8 {[%clk 00:02:29]} {[%emt 00:00:04]} 22. Be4 {[%clk
00:01:40]} {[%emt 00:00:02]} Nxb2 {[%clk 00:01:34]} {[%emt 00:00:57]} 23. Bc1
{[%clk 00:01:36]} {[%emt 00:00:06]} Rb4 {[%clk 00:01:23]} {[%emt 00:00:14]} 24.
Bc2 {[%clk 00:01:14]} {[%emt 00:00:23]} e4 {[%clk 00:01:24]} {[%emt 00:00:01]}
25. a3 {[%clk 00:01:16]} Rb8 {[%clk 00:01:06]} {[%emt 00:00:19]} 26. Bxe4
{[%clk 00:01:12]} {[%emt 00:00:07]} Re8 {[%clk 00:00:59]} {[%emt 00:00:08]} 27.
f3 {[%clk 00:01:09]} {[%emt 00:00:05]} Nc4 {[%clk 00:00:56]} {[%emt 00:00:05]}
28. Rb7 {[%clk 00:00:53]} {[%emt 00:00:18]} Rd8 {[%clk 00:00:58]} 29. Bf4
{[%clk 00:00:41]} {[%emt 00:00:15]} Nxa3 {[%clk 00:00:50]} {[%emt 00:00:09]} 30.
Rxa7 {[%clk 00:00:41]} {[%emt 00:00:02]} Bd4+ {[%clk 00:00:51]} 31. Kg2 {[%clk
00:00:40]} {[%emt 00:00:03]} Bxa7 {[%clk 00:00:52]} {[%emt 00:00:01]} 32. Bxh6
{[%emt 00:00:02]} Bd4 {[%clk 00:00:52]} {[%emt 00:00:01]} 33. Bc1 {[%clk
00:00:41]} {[%emt 00:00:03]} Nc4 {[%clk 00:00:52]} {[%emt 00:00:01]} 34. h4
{[%clk 00:00:41]} {[%emt 00:00:03]} Be3 {[%clk 00:00:52]} {[%emt 00:00:01]} 35.
Bxe3 {[%clk 00:00:41]} {[%emt 00:00:03]} Nxe3+ {[%clk 00:00:54]} 36. Kf2 {[%clk
00:00:42]} Nd1+ {[%clk 00:00:53]} {[%emt 00:00:03]} 37. Kg2 {[%clk 00:00:42]}
{[%emt 00:00:01]} Nc3 {[%clk 00:00:53]} {[%emt 00:00:02]} 38. Bc6 {[%clk
00:00:43]} {[%emt 00:00:01]} Rd2+ {[%clk 00:00:53]} {[%emt 00:00:02]} 39. Kh3
{[%clk 00:00:44]} Kg7 {[%clk 00:00:54]} {[%emt 00:00:02]} 40. Kg4 {[%clk
00:00:45]} f5+ {[%clk 00:00:55]} 41. Kf4 {[%clk 00:00:46]} {[%emt 00:00:02]}
Kf6 {[%clk 00:00:54]} {[%emt 00:00:02]} 42. g4 {[%clk 00:00:45]} {[%emt
00:00:03]} fxg4 {[%clk 00:00:54]} {[%emt 00:00:02]} 43. fxg4 {[%clk 00:00:46]}
Rd4+ {[%clk 00:00:55]} {[%emt 00:00:01]} 44. Kg3 {[%clk 00:00:46]} {[%emt
00:00:02]} Ne4+ {[%clk 00:00:52]} {[%emt 00:00:05]} 45. Kf3 {[%clk 00:00:46]}
{[%emt 00:00:02]} Nd6 {[%clk 00:00:51]} {[%emt 00:00:03]} 46. g5+ {[%clk
00:00:45]} {[%emt 00:00:04]} Ke5 {[%clk 00:00:52]} 47. Kg3 {[%clk 00:00:46]}
{[%emt 00:00:02]} Nf5+ {[%clk 00:00:53]} {[%emt 00:00:01]} 0-1

[Event "Turniej Blitza na II Lidze Juniorów 2018"]
[Site "Szczyrk, Poland"]
[Date "????.??.??"]
[Round "4.28"]
[White "Zdybel, Przemyslaw"]
[Black "Pedrak, Paulina"]
[Result "0-1"]
[TimeControl "3'+2\""]
[WhiteElo "1334"]
[BlackElo "1596"]

1. e4 {[%clk 00:03:02]} {[%emt 00:00:02]} c5 {[%clk 00:03:04]} {[%emt
00:00:01]} 2. a3 {[%clk 00:03:03]} e6 {[%clk 00:03:04]} {[%emt 00:00:02]} 3. b4
{[%clk 00:03:03]} {[%emt 00:00:01]} cxb4 {[%clk 00:03:02]} {[%emt 00:00:04]} 4.
axb4 {[%clk 00:03:04]} {[%emt 00:00:01]} Bxb4 {[%clk 00:02:49]} {[%emt
00:00:15]} 5. Bb2 {[%clk 00:03:05]} {[%emt 00:00:02]} f6 {[%clk 00:02:07]}
{[%emt 00:00:43]} 6. Qh5+ {[%clk 00:02:40]} {[%emt 00:00:27]} g6 {[%clk
00:01:59]} {[%emt 00:00:10]} 7. Qb5 {[%clk 00:02:35]} {[%emt 00:00:06]} Be7
{[%clk 00:01:54]} {[%emt 00:00:08]} 8. Nf3 {[%clk 00:02:21]} {[%emt 00:00:15]}
a6 {[%clk 00:01:30]} {[%emt 00:00:27]} 9. Qb3 {[%clk 00:02:13]} {[%emt
00:00:10]} Nc6 {[%clk 00:00:45]} {[%emt 00:00:47]} 10. d4 {[%clk 00:02:00]}
{[%emt 00:00:15]} Nh6 {[%clk 00:00:36]} {[%emt 00:00:11]} 11. Bd3 {[%clk
00:01:38]} {[%emt 00:00:22]} Nf7 {[%clk 00:00:36]} {[%emt 00:00:04]} 12. O-O
{[%clk 00:01:37]} {[%emt 00:00:03]} d5 {[%clk 00:00:21]} {[%emt 00:00:17]} 13.
Nc3 {[%clk 00:01:23]} {[%emt 00:00:15]} dxe4 {[%clk 00:00:19]} {[%emt
00:00:05]} 14. Nxe4 {[%clk 00:01:24]} O-O {[%clk 00:00:11]} {[%emt 00:00:11]}
15. Rfe1 {[%clk 00:01:14]} {[%emt 00:00:10]} g5 {[%clk 00:00:04]} {[%emt
00:00:10]} 16. h3 {[%clk 00:00:57]} {[%emt 00:00:19]} f5 {[%clk 00:00:05]}
{[%emt 00:00:02]} 17. Ng3 {[%clk 00:00:55]} {[%emt 00:00:04]} g4 {[%clk
00:00:05]} {[%emt 00:00:02]} 18. hxg4 {[%clk 00:00:50]} {[%emt 00:00:06]} fxg4
{[%clk 00:00:05]} {[%emt 00:00:02]} 19. Nh2 {[%clk 00:00:35]} {[%emt 00:00:16]}
Nxd4 {[%clk 00:00:06]} {[%emt 00:00:02]} 20. Qc3 {[%clk 00:00:35]} {[%emt
00:00:02]} Bf6 {[%clk 00:00:07]} {[%emt 00:00:01]} 21. Qb4 {[%clk 00:00:31]}
{[%emt 00:00:06]} e5 {[%clk 00:00:07]} {[%emt 00:00:02]} 22. Ne4 {[%clk
00:00:27]} {[%emt 00:00:05]} Bg7 {[%clk 00:00:08]} {[%emt 00:00:02]} 23. Nf1
{[%clk 00:00:20]} {[%emt 00:00:09]} Nc6 {[%clk 00:00:09]} 24. Qd2 {[%clk
00:00:20]} {[%emt 00:00:01]} Qh4 {[%clk 00:00:10]} {[%emt 00:00:02]} 25. g3
{[%emt 00:00:02]} Qh6 26. Ne3 {[%clk 00:00:19]} {[%emt 00:00:03]} Ng5 {[%clk
00:00:08]} {[%emt 00:00:05]} 27. Nxg5 {[%clk 00:00:18]} {[%emt 00:00:03]} Qxg5
{[%clk 00:00:10]} {[%emt 00:00:01]} 28. Qe2 {[%clk 00:00:17]} {[%emt 00:00:03]}
Nd4 {[%clk 00:00:09]} {[%emt 00:00:02]} 29. Bxd4 {[%clk 00:00:17]} {[%emt
00:00:02]} exd4 {[%clk 00:00:11]} 30. Ng2 {[%clk 00:00:17]} {[%emt 00:00:03]}
Rf3 {[%clk 00:00:12]} {[%emt 00:00:01]} 31. Qe4 {[%clk 00:00:17]} {[%emt
00:00:01]} Bf5 {[%clk 00:00:08]} {[%emt 00:00:06]} 32. Qe2 {[%clk 00:00:12]}
{[%emt 00:00:06]} Bxd3 {[%clk 00:00:09]} 33. cxd3 {[%clk 00:00:14]} Raf8 {[%clk
00:00:11]} 34. Qe6+ {[%clk 00:00:13]} {[%emt 00:00:02]} Kh8 {[%clk 00:00:12]}
{[%emt 00:00:02]} 35. Re2 {[%clk 00:00:14]} Rxd3 {[%clk 00:00:13]} {[%emt
00:00:02]} 36. Nf4 {[%clk 00:00:13]} {[%emt 00:00:03]} Rf3 {[%clk 00:00:06]}
{[%emt 00:00:09]} 37. Qe4 {[%clk 00:00:11]} {[%emt 00:00:04]} d3 {[%clk
00:00:07]} {[%emt 00:00:01]} 38. Nxd3 {[%clk 00:00:10]} {[%emt 00:00:03]} h5
{[%clk 00:00:07]} {[%emt 00:00:03]} 39. Nf4 {[%clk 00:00:10]} h4 {[%clk
00:00:08]} 40. Ng6+ {[%clk 00:00:08]} {[%emt 00:00:05]} Kg8 {[%clk 00:00:07]}
{[%emt 00:00:03]} 41. Qe6+ {[%clk 00:00:08]} {[%emt 00:00:02]} R8f7 {[%clk
00:00:07]} {[%emt 00:00:02]} 42. Qe8+ {[%clk 00:00:08]} {[%emt 00:00:02]} Kh7
{[%clk 00:00:09]} 43. Nxh4 {[%clk 00:00:07]} {[%emt 00:00:03]} Bxa1 {[%clk
00:00:06]} {[%emt 00:00:05]} 44. Nxf3 {[%clk 00:00:07]} {[%emt 00:00:02]} gxf3
{[%clk 00:00:08]} {[%emt 00:00:01]} 45. Qe4+ {[%clk 00:00:08]} Qg6 {[%emt
00:00:01]} 46. Qh4+ {[%clk 00:00:08]} {[%emt 00:00:01]} Kg7 {[%clk 00:00:10]}
47. Rd2 {[%clk 00:00:08]} {[%emt 00:00:01]} Bf6 {[%clk 00:00:11]} {[%emt
00:00:02]} 48. Qc4 {[%clk 00:00:09]} {[%emt 00:00:01]} Qb1+ {[%clk 00:00:11]}
{[%emt 00:00:02]} 49. Kh2 {[%clk 00:00:10]} {[%emt 00:00:01]} Qh7+ {[%clk
00:00:12]} 50. Kg1 {[%clk 00:00:11]} {[%emt 00:00:01]} Re7 {[%clk 00:00:13]}
{[%emt 00:00:02]} 51. Rd1 {[%clk 00:00:11]} {[%emt 00:00:01]} Qh3 {[%clk
00:00:12]} {[%emt 00:00:03]} 52. Qf1 {[%clk 00:00:11]} {[%emt 00:00:02]} Qxf1+
53. Kxf1 {[%clk 00:00:12]} Re2 {[%clk 00:00:11]} {[%emt 00:00:03]} 54. Rd3
{[%clk 00:00:12]} {[%emt 00:00:02]} Re7 {[%clk 00:00:12]} {[%emt 00:00:01]} 55.
Rxf3 {[%clk 00:00:13]} Kg6 {[%clk 00:00:14]} 56. Re3 {[%clk 00:00:13]} {[%emt
00:00:02]} Rxe3 57. fxe3 {[%clk 00:00:14]} 0-1

[Event "Turniej Blitza na II Lidze Juniorów 2018"]
[Site "Szczyrk, Poland"]
[Date "????.??.??"]
[Round "4.45"]
[White "Franc, Piotr"]
[Black "Binek, Dawid"]
[Result "0-1"]
[TimeControl "3'+2\""]
[WhiteElo "1135"]
[BlackElo "1353"]

1. e4 {[%clk 00:03:02]} {[%emt 00:00:01]} e5 {[%clk 00:03:03]} {[%emt
00:00:01]} 2. Nf3 {[%clk 00:03:03]} {[%emt 00:00:01]} Nc6 {[%clk 00:03:05]} 3.
Bc4 {[%clk 00:03:04]} {[%emt 00:00:01]} Bc5 {[%clk 00:03:06]} {[%emt 00:00:01]}
4. c3 {[%clk 00:03:05]} Nf6 {[%clk 00:03:04]} {[%emt 00:00:04]} 5. d3 {[%clk
00:03:05]} {[%emt 00:00:02]} d6 {[%clk 00:03:04]} {[%emt 00:00:02]} 6. b4
{[%clk 00:03:05]} Bb6 {[%clk 00:03:05]} {[%emt 00:00:01]} 7. a4 {[%clk
00:03:05]} {[%emt 00:00:02]} a5 {[%clk 00:02:57]} {[%emt 00:00:11]} 8. b5
{[%clk 00:03:01]} {[%emt 00:00:05]} Ne7 {[%clk 00:02:58]} {[%emt 00:00:01]} 9.
Ng5 {[%clk 00:02:59]} {[%emt 00:00:05]} O-O {[%clk 00:02:55]} {[%emt 00:00:04]}
10. Qb3 {[%clk 00:02:54]} {[%emt 00:00:07]} Qe8 {[%clk 00:02:48]} {[%emt
00:00:09]} 11. Nd2 {[%clk 00:02:42]} {[%emt 00:00:13]} h6 {[%clk 00:02:49]}
{[%emt 00:00:02]} 12. Nxf7 {[%clk 00:02:40]} {[%emt 00:00:04]} Rxf7 {[%clk
00:02:47]} {[%emt 00:00:04]} 13. Nf3 {[%clk 00:02:29]} {[%emt 00:00:12]} Bg4
{[%clk 00:02:28]} {[%emt 00:00:21]} 14. h3 {[%clk 00:02:06]} {[%emt 00:00:26]}
Bxf3 {[%clk 00:02:29]} {[%emt 00:00:01]} 15. gxf3 {[%clk 00:02:07]} {[%emt
00:00:01]} d5 {[%clk 00:02:27]} {[%emt 00:00:05]} 16. exd5 {[%clk 00:02:04]}
{[%emt 00:00:04]} Nexd5 {[%clk 00:02:07]} {[%emt 00:00:22]} 17. Bxd5 {[%clk
00:01:51]} {[%emt 00:00:15]} Nxd5 {[%clk 00:02:08]} {[%emt 00:00:01]} 18. Qxd5
{[%clk 00:01:50]} {[%emt 00:00:03]} Rd8 {[%clk 00:02:09]} {[%emt 00:00:02]} 19.
Qc4 {[%clk 00:01:43]} {[%emt 00:00:08]} Kh8 {[%clk 00:01:55]} {[%emt 00:00:15]}
20. Rg1 {[%clk 00:01:20]} {[%emt 00:00:26]} Rxf3 {[%clk 00:01:56]} {[%emt
00:00:01]} 21. Qe4 {[%clk 00:00:56]} {[%emt 00:00:26]} Rfxd3 {[%clk 00:01:34]}
{[%emt 00:00:24]} 22. Be3 {[%clk 00:00:34]} {[%emt 00:00:23]} Bxe3 {[%clk
00:01:31]} {[%emt 00:00:06]} 23. fxe3 {[%clk 00:00:35]} {[%emt 00:00:01]} b6
{[%clk 00:01:06]} {[%emt 00:00:28]} 24. Qg4 {[%clk 00:00:30]} {[%emt 00:00:05]}
Qf7 {[%clk 00:00:54]} {[%emt 00:00:16]} 25. Ke2 {[%clk 00:00:18]} {[%emt
00:00:13]} Rd2+ {[%clk 00:00:53]} {[%emt 00:00:04]} 26. Ke1 {[%clk 00:00:18]}
{[%emt 00:00:01]} R2d3 {[%clk 00:00:50]} {[%emt 00:00:05]} 27. Ke2 {[%clk
00:00:19]} {[%emt 00:00:01]} Rxc3 {[%clk 00:00:51]} {[%emt 00:00:02]} 28. Qh4
{[%clk 00:00:10]} {[%emt 00:00:10]} Rc2+ {[%clk 00:00:45]} {[%emt 00:00:08]} 29.
Ke1 {[%clk 00:00:09]} {[%emt 00:00:03]} Rdd2 {[%clk 00:00:39]} {[%emt
00:00:08]} 30. Qg4 {[%clk 00:00:03]} {[%emt 00:00:09]} Re2+ {[%clk 00:00:27]}
{[%emt 00:00:13]} 31. Qxe2 {[%clk 00:00:03]} {[%emt 00:00:02]} Rxe2+ {[%clk
00:00:28]} {[%emt 00:00:01]} 32. Kxe2 {[%clk 00:00:05]} Qh5+ {[%clk 00:00:25]}
{[%emt 00:00:05]} 33. Kd2 {[%clk 00:00:05]} {[%emt 00:00:02]} Qxh3 {[%clk
00:00:25]} {[%emt 00:00:02]} 34. Raf1 {[%clk 00:00:05]} {[%emt 00:00:02]} Qd7+
{[%clk 00:00:24]} {[%emt 00:00:03]} 35. Ke2 {[%clk 00:00:06]} {[%emt 00:00:01]}
e4 {[%clk 00:00:22]} {[%emt 00:00:04]} 36. Rd1 {[%clk 00:00:05]} {[%emt
00:00:03]} Qe6 {[%clk 00:00:20]} {[%emt 00:00:03]} 37. Rgf1 {[%clk 00:00:05]}
{[%emt 00:00:03]} Qc4+ {[%clk 00:00:20]} {[%emt 00:00:01]} 38. Ke1 {[%clk
00:00:05]} {[%emt 00:00:03]} Qxa4 {[%clk 00:00:10]} {[%emt 00:00:13]} 39. Rd8+
{[%clk 00:00:05]} Kh7 {[%clk 00:00:11]} {[%emt 00:00:01]} 40. Rd7 {[%clk
00:00:06]} {[%emt 00:00:02]} Qb4+ {[%clk 00:00:12]} {[%emt 00:00:01]} 41. Kd1
{[%clk 00:00:03]} {[%emt 00:00:04]} Qb3+ {[%clk 00:00:12]} {[%emt 00:00:02]} 42.
Kc1 {[%clk 00:00:04]} {[%emt 00:00:01]} Qc4+ {[%clk 00:00:13]} {[%emt
00:00:02]} 43. Kd1 {[%clk 00:00:03]} {[%emt 00:00:02]} Qxf1+ {[%clk 00:00:14]}
{[%emt 00:00:01]} 44. Kc2 {[%clk 00:00:04]} Qc4+ {[%clk 00:00:15]} 45. Kd2
{[%clk 00:00:05]} {[%emt 00:00:01]} Qd3+ {[%clk 00:00:15]} {[%emt 00:00:02]} 46.
Rxd3 {[%clk 00:00:06]} {[%emt 00:00:02]} exd3 {[%clk 00:00:16]} 47. Kxd3 {[%clk
00:00:07]} {[%emt 00:00:02]} Kg6 {[%clk 00:00:17]} 48. Ke4 {[%clk 00:00:08]}
Kf6 {[%clk 00:00:18]} {[%emt 00:00:01]} 49. Kf4 {[%clk 00:00:09]} Ke6 {[%clk
00:00:19]} {[%emt 00:00:02]} 50. e4 {[%clk 00:00:09]} {[%emt 00:00:02]} a4
{[%clk 00:00:21]} 51. Ke3 {[%clk 00:00:09]} {[%emt 00:00:01]} h5 {[%clk
00:00:22]} {[%emt 00:00:02]} 52. Kd3 {[%clk 00:00:09]} {[%emt 00:00:02]} h4
{[%clk 00:00:23]} {[%emt 00:00:01]} 53. Kc3 {[%clk 00:00:10]} h3 {[%clk
00:00:24]} 54. Kb4 {[%clk 00:00:11]} {[%emt 00:00:01]} h2 {[%clk 00:00:25]} 55.
Kxa4 {[%clk 00:00:11]} {[%emt 00:00:02]} h1=Q {[%clk 00:00:26]} {[%emt
00:00:01]} 56. e5 {[%clk 00:00:12]} {[%emt 00:00:01]} Qa1+ {[%clk 00:00:26]}
{[%emt 00:00:02]} 57. Kb4 {[%clk 00:00:14]} {[%emt 00:00:01]} Qd4+ {[%clk
00:00:27]} 58. Ka3 {[%clk 00:00:14]} {[%emt 00:00:01]} Qc3+ {[%clk 00:00:27]}
{[%emt 00:00:02]} 59. Ka4 {[%clk 00:00:15]} Qc4+ {[%clk 00:00:27]} {[%emt
00:00:02]} 60. Ka3 {[%clk 00:00:16]} {[%emt 00:00:01]} Qxb5 {[%clk 00:00:26]}
{[%emt 00:00:02]} 61. Ka2 {[%clk 00:00:18]} {[%emt 00:00:01]} Kxe5 {[%clk
00:00:26]} {[%emt 00:00:02]} 62. Ka3 {[%clk 00:00:19]} Kd4 {[%clk 00:00:26]}
0-1